00621ntaaa2200169 45000030003000000050017000030080021000200400037000410820017000781000022000952450036001172500010001532600054001633000024002175000167002416500043004080120251027202138.00714s1973 ag 01  aAR-BaBNbspacAR-BaBNeaacrdRIC a262.0600 Se3 aSeaver, Harold W  aThe Southern Baptist Convention a1 ed. aNashville : bSouthern Baptist Convention, c1964 a30 p, 132, 29, 32 p aManual de organización de las juntas, instituciones, y comisiones de la Convención Bautista del Sur, EE.UU. Incluye la historia, estatutos y obra de trabajo. abautistas-Convención del Sur, EE.UU.